000
00304nam a22001217a 4500
008
170405b xxu||||| |||| 00| 0 eng d
041
_a
eng
080
_a
574
100
_a
9
101
_a
SHM
245
_a
SOIL WATER AND CROP GROWTH PROCESSES IN A FARMER;S FIELD
_c
NAMBUTHIRI, S.S
942
_2
udc
_c
BK
999
_c
9830
_d
9830